Introducción a la estadística aplicada a las ciencias de la conducta

Kaydedildi:
Detaylı Bibliyografya
Asıl Yazarlar: Young, Robert K (Yazar), Veldman, Donald J (Yazar)
Materyal Türü: Kitap
Dil:İspanyolca
Baskı/Yayın Bilgisi: Ciudad de México Trillas 1968
Edisyon:1a. ed
Seri Bilgileri:Biblioteca Técnica de Psicología
Konular:
Etiketler: Etiketle
Etiket eklenmemiş, İlk siz ekleyin!

MARC

LEADER 00000nam a2200000 a 4500
001 UCK1372
003 CL-VaPUC
008 041112e19680000MX |||||||||||||||||spa|d
082 0 4 |a 150.1943  |b YOU  |2 21 
100 0 |a Young, Robert K  |e author  |9 489154 
700 0 |a Veldman, Donald J  |e author  |9 489155 
245 1 0 |a Introducción a la estadística aplicada a las ciencias de la conducta 
250 |a 1a. ed 
300 |a 453 p 
942 |c BK 
945 |d 20041112 00:00:00  |a cmena 
260 |a Ciudad de México  |b Trillas  |c 1968 
650 0 |a Conducta humana   |9 269906 
650 0 |a Estadística aplicada  |9 270522 
650 0 |a Estadística matemática  |9 260028 
650 0 |a Psicología   |9 257863 
583 |a last modification  |c 20160307 01:00:31  |k Rodrigo Vera 
490 0 |a Biblioteca Técnica de Psicología 
999 |c 311343  |d 311341 
952 |0 0  |1 0  |4 0  |6 150_194300000000000_YOU_1968  |7 0  |8 A  |9 380720  |a BIBGIM  |b BIBGIM  |d 2019-11-21  |i 4076729  |o 150.1943 YOU 1968  |p 4076729  |r 2025-01-15  |w 2019-11-21  |y BK  |k GIM 
952 |0 0  |1 0  |4 0  |6 150_194300000000000_YOU_1968  |7 0  |8 A  |9 380721  |a BIBEDU  |b BIBEDU  |d 2019-11-21  |i 4225201  |o 150.1943 YOU 1968  |p 4225201  |r 2019-11-21  |w 2019-11-21  |y BK  |k EDU